000 01081nam a2200277 a 4500
001 BRCA_1419
005 20190320203422.0
008 990517s1973 mx-a---###---#001-0#spa-d
041 _aspa
050 4 _aF1233
_b.H36 1973
100 1 _aHanna, Alfred Jackson
_d1893-
_94634
245 1 0 _aNapoleón III y México
_cAlfred Jackson Hanna y Kathryn Abbey Hanna ; traducción de Ernestina de Champourcin.
260 _aMéxico
_bFCE
_c1973
300 _a290 p.
_bil., mapas
_c23 cm.
440 0 _aSección de obras de historia
_94635
500 _aIncluye índice de nombres
500 _aTraducción de: Napoleon III and Mexico.
504 _aBibliografía: p. 261-280
650 1 4 _aMéxico
_xRelaciones exteriores
_y1861-1867
_94636
650 1 4 _aEstados Unidos
_xRelaciones exteriores
_y1861-1865
_94637
651 4 _aMéxico
_xHistoria
_yIntervención europea, 1861-1867
_9758
651 4 _aMéxico
_xHistoria
_yIntervención y segundo imperio, 1861-1867
_94638
700 1 _aHanna, Kathryn Trimmer Abbey
_d1895-
_94639
700 1 _aChampourcin, Ernestina de
_94640
942 _2lcc
_cB
999 _c1281
_d1281